000 00251nam a2200109Ia 4500
008 231212s1973 xx 000 0 und d
041 _aeng
082 _a621.384
100 _aAzzo
245 _aFeedback Control System
260 _aDelhi
_bKhanna
_c1973
999 _c958696
_d958696